MyGZULibrary

Rethinking the family : (Record no. 2543)

MARC details
000 -LEADER
fixed length control field 01048pam a2200301 a 4500
001 - CONTROL NUMBER
control field 2504318
003 - CONTROL NUMBER IDENTIFIER
control field GZU
005 - DATE AND TIME OF LATEST TRANSACTION
control field 20201103120753.0
008 - FIXED-LENGTH DATA ELEMENTS--GENERAL INFORMATION
fixed length control field 920526s1992 mau b 001 0 eng
010 ## - LIBRARY OF CONGRESS CONTROL NUMBER
LC control number 92020761
020 ## - INTERNATIONAL STANDARD BOOK NUMBER
International Standard Book Number 1555531458 (pbk. : alk. paper) :
040 ## - CATALOGING SOURCE
Original cataloging agency DLC
Transcribing agency DLC
Modifying agency DLC
043 ## - GEOGRAPHIC AREA CODE
Geographic area code n-us---
050 00 - LIBRARY OF CONGRESS CALL NUMBER
Classification number HQ536.R454
Item number THO1992
082 00 - DEWEY DECIMAL CLASSIFICATION NUMBER
Classification number 306.85/0973
Edition number 20
245 00 - TITLE STATEMENT
Title Rethinking the family :
Remainder of title some feminist questions /
Statement of responsibility, etc. edited by Barrie Thorne with Marilyn Yalom.
250 ## - EDITION STATEMENT
Edition statement Rev. ed.
260 ## - PUBLICATION, DISTRIBUTION, ETC.
Place of publication, distribution, etc. Boston :
Name of publisher, distributor, etc. Northeastern University Press,
Date of publication, distribution, etc. c1992.
300 ## - PHYSICAL DESCRIPTION
Extent xi, 316 p. ;
Dimensions 23 cm.
504 ## - BIBLIOGRAPHY, ETC. NOTE
Bibliography, etc. note Includes bibliographical references and index.
650 #0 - SUBJECT ADDED ENTRY--TOPICAL TERM
Topical term or geographic name entry element Families
Geographic subdivision United States.
650 #0 - SUBJECT ADDED ENTRY--TOPICAL TERM
Topical term or geographic name entry element Feminism
Geographic subdivision United States.
700 1# - ADDED ENTRY--PERSONAL NAME
Personal name Thorne, Barrie.
700 1# - ADDED ENTRY--PERSONAL NAME
Personal name Yalom, Marilyn.
906 ## - LOCAL DATA ELEMENT F, LDF (RLIN)
a 7
b cbc
c orignew
d 1
e ocip
f 19
g y-gencatlg
942 ## - ADDED ENTRY ELEMENTS (KOHA)
Koha item type Books
Edition Revised
Classification part 536.R454
Item part THO
Call number prefix HQ
Holdings
Withdrawn status Lost status Damaged status Not for loan Collection code Home library Current library Shelving location Date acquired Inventory number Total Checkouts Full call number Barcode Date last seen Copy number Price effective from Koha item type
        Non-fiction City Campus Library City Campus Library General Stacks 11/03/2020 654   HQ 536.R454 THO 1992 *B016711* 11/03/2020 c.1 11/03/2020 Books
        Non-fiction City Campus Library City Campus Library General Stacks 11/03/2020 177   HQ 536.R454 THO 1992 B015929 11/03/2020 c.2 11/03/2020 Books
        Non-fiction City Campus Library City Campus Library General Stacks 11/03/2020 175   HQ 536.R454 THO 1992 B018262 11/03/2020 c.3 11/03/2020 Books
        Non-fiction City Campus Library City Campus Library General Stacks 11/03/2020 174   HQ 536.R454 THO 1992 *B015827* 11/03/2020 c.4 11/03/2020 Books
        Non-fiction City Campus Library City Campus Library General Stacks 11/03/2020     HQ 536.R454 THO 1992 B017844 11/03/2020 c.5 11/03/2020 Books
        Non-fiction City Campus Library City Campus Library General Stacks 11/03/2020 653   HQ 536.R454 THO 1992 *B015791* 11/03/2020 c.6 11/03/2020 Books